Wszystkie "Krosna" w Polsce - Statystyki

Ogólne statystyki
  • Ten quiz został rozwiązany 73 razy
  • Średni wynik to 1 z 7
Statystyki odpowiedzi
Województwo Powiat Populacja Krosna % Poprawnych
podkarpackie Krosno (miasto na prawach powiatu) 43 594
100%
wielkopolskie Powiat poznański 2675
16%
podlaskie Powiat białostocki 65
10%
warmińsko-mazurskie Powiat elbląski 290
10%
warmińsko-mazurskie Powiat lidzbarski 380
6%
łódzkie Powiat piotrkowski 218
3%
wielkopolskie Powiat wągrowiecki 110
3%
Nie znaleziono quizów pasujących do podanych kryteriów
Rozkład punktacji
Procent ludzi z każdym wynikiem
Percentyl według liczby udzielonych odpowiedzi
Twoja historia wyników
Nie rozwiązałeś tego quizu